00426nam a2200169Ia 4500003000400000005001700004008004100021020001800062040000700080041000800087082001900095100004100114245003500155260003600190300001600226365001400242OSt20230413101548.0210423s2008 xx 000 0 und d a9781405184380 cAL aeng a808 223bPHEJ aPHELAN (James);REBINOWITZ (Peter J). aCompanion to narrative theory. aU KbBlackwell Publishingc2008 axvi,571bPB b2552cINR